Brazilian States with Alternate Letters - Statistics

General Stats
  • This quiz has been taken 48 times
  • The average score is 23 of 27
Answer Stats
State with missing letters Brazilian State or Territory % Correct
B_h_a Bahia
95%
P_r_ Pará
95%
M_t_ G_o_s_ Mato Grosso
92%
P_r_n_ Paraná
92%
M_t_ G_o_s_ d_ S_l Mato Grosso do Sul
89%
R_o _r_n_e d_ N_r_e Rio Grande do Norte
89%
R_o _r_n_e d_ S_l Rio Grande do Sul
89%
S_o _a_l_ São Paulo
89%
C_a_á Ceará
87%
D_s_r_t_ F_d_r_l Distrito Federal
87%
E_p_r_t_ S_n_o Espirito Santo
87%
G_i_s Goiás
87%
M_n_s G_r_i_ Minas Gerais
87%
P_r_a_b_c_ Pernambuco
87%
R_o _e _a_e_r_ Rio de Janeiro
87%
R_r_i_a Roraima
87%
A_r_ Acre
84%
A_a_á Amapá
84%
A_a_o_a_ Amazonas
84%
P_a_í Piauí
84%
R_n_ô_i_ Rondônia
84%
A_a_o_s Alagoas
82%
M_r_n_ã_ Maranhão
79%
P_r_í_a Paraíba
79%
S_n_a _a_a_i_a Santa Catarina
79%
S_r_i_e Sergipe
79%
T_c_n_i_s Tocantins
79%
No matching quizzes found
Score Distribution
Percent of People with Each Score
Percentile by Number Answered
Your Score History
You have not taken this quiz